| 000 | 00433aam a2200169 4500 | ||
|---|---|---|---|
| 005 | 20170111115505.0 | ||
| 008 | 150727b xxu||||| |||| 00| 0 spa d | ||
| 041 | _aInglés | ||
| 082 | _a428 K89c | ||
| 100 |
_aKramsch, Claire _936079 |
||
| 245 | _aContext and culture in language teaching | ||
| 260 |
_aInglaterra _bOxford _c1993 |
||
| 300 | _a295 páginas | ||
| 650 |
_aINGLÉS _92062 |
||
| 650 |
_a ENSEÑANZA _9236 |
||
| 942 | _cBK | ||
| 999 |
_c8702 _d8702 |
||